| 000 | 00352 a2200121 4500 | ||
|---|---|---|---|
| 001 | ART_6403 | ||
| 005 | 20260410161825.0 | ||
| 008 | 260409a | ||
| 245 | 1 | 0 | _aBrechas de ingresos entre géneros |
| 100 | 1 | _aActis Di Pascuale, Eugenio | |
| 700 | 1 | _aAtucha, Ana Julia | |
| 773 | 0 |
_tFACES _g- Año 7, Nº 12 (set./dic. 2001) _wREV5046 |
|
| 999 |
_c22750 _d22750 |
||